000
00301nam a2200109Ia 4500
001
1272363
005
20260417151427.0
008
260417s9999 xx 000 0 und d
020
_a
9786255695055
245
0
_a
Dallandı, Budaklandı, Kompostlandı!
_c
Büşra Sezgin Öztürk
260
_b
Ketebe Çocuk
999
_c
1272363
_d
1272363